[Event "Mittelrhein Verbandsliga-N 18/19"]
[Site "Nordrheinwestfalen"]
[Date "2019.04.07"]
[Round "9.2"]
[White "Schniggenberg, Gerd"]
[Black "Woltering, Franz"]
[Result "0-1"]
[WhiteElo "1924"]
[BlackElo "1980"]
[PlyCount "60"]
[EventDate "2018.09.02"]
[EventType "team-tourn"]
[EventRounds "12"]
[EventCountry "GER"]
[SourceTitle "EXT 2022"]
[Source "ChessBase"]
[SourceDate "2021.10.06"]
[SourceVersion "1"]
[SourceVersionDate "2021.10.06"]
[SourceQuality "1"]
[WhiteTeam "Godesberg III"]
[BlackTeam "Baumberg"]
[WhiteTeamCountry "GER"]
[BlackTeamCountry "GER"]

1. e4 c5 2. c3 e6 3. d4 d6 4. Nf3 Be7 5. Bd3 Nf6 6. Be3 0-0 7. Nbd2 Ng4 8. 0-0 e5 9. Qe2 Nc6 10. d5 Nb8 11. b4 b6 12. Ne1 g6 13. g3 f5 14. f3 Nxe3 15. Qxe3 f4 16. Qe2 Bh3 17. Ng2 Nd7 18. Kf2 Nf6 19. Ke1 cxb4 20. cxb4 a5 21. b5 Rc8 22. Nc4 Nd7 23. Kd2 Nc5 24. Rfc1 fxg3 25. hxg3 Bxg2 26. Qxg2 Bg5+ 27. Ne3 Bxe3+ 28. Kxe3 Qg5+ 29. Ke2 Nxd3 30. Rxc8 Nf4+ 0-1

[Event "Mittelrhein Verbandsliga-N 18/19"]
[Site "Nordrheinwestfalen"]
[Date "2019.02.10"]
[Round "7.2"]
[White "Harringer, Manfred"]
[Black "Woltering, Franz"]
[Result "1/2-1/2"]
[WhiteElo "2029"]
[BlackElo "1980"]
[PlyCount "36"]
[EventDate "2018.09.02"]
[EventType "team-tourn"]
[EventRounds "12"]
[EventCountry "GER"]
[SourceTitle "EXT 2022"]
[Source "ChessBase"]
[SourceDate "2021.10.06"]
[SourceVersion "1"]
[SourceVersionDate "2021.10.06"]
[SourceQuality "1"]
[WhiteTeam "Bergische SF"]
[BlackTeam "Baumberg"]
[WhiteTeamCountry "GER"]
[BlackTeamCountry "GER"]

1. e4 c5 2. Nf3 e6 3. c3 d6 4. d4 Be7 5. Be2 Nf6 6. Nbd2 0-0 7. 0-0 b6 8. dxc5 bxc5 9. e5 Nd5 10. exd6 Qxd6 11. Ne4 Qc7 12. Qc2 h6 13. Rd1 Bb7 14. b3 Nd7 15. Bb2 N7f6 16. Nxf6+ Bxf6 17. c4 Nb4 18. Qc1 Bxb2 1/2-1/2

[Event "Mittelrhein Verbandsliga-N 18/19"]
[Site "Nordrheinwestfalen"]
[Date "2019.01.20"]
[Round "6.2"]
[White "Woltering, Franz"]
[Black "Seewi, Joram"]
[Result "1/2-1/2"]
[WhiteElo "1980"]
[BlackElo "2027"]
[PlyCount "128"]
[EventDate "2018.09.02"]
[EventType "team-tourn"]
[EventRounds "12"]
[EventCountry "GER"]
[SourceTitle "EXT 2022"]
[Source "ChessBase"]
[SourceDate "2021.10.06"]
[SourceVersion "1"]
[SourceVersionDate "2021.10.06"]
[SourceQuality "1"]
[WhiteTeam "Baumberg"]
[BlackTeam "Kalker/Deutzer SG"]
[WhiteTeamCountry "GER"]
[BlackTeamCountry "GER"]

1. d4 Nf6 2. c4 g6 3. Nc3 Bg7 4. e4 0-0 5. Be2 c5 6. d5 d6 7. h4 h5 8. f3 a6 9. a4 Qa5 10. Bd2 Nbd7 11. Nh3 Ne5 12. Nf2 Rb8 13. g4 Qd8 14. gxh5 Nxh5 15. f4 Ng3 16. Rg1 Nxe2 17. Qxe2 Nxc4 18. Qxc4 b5 19. axb5 axb5 20. Qe2 b4 21. Ncd1 e6 22. dxe6 Bxe6 23. h5 Qd7 24. hxg6 f5 25. Qh5 Rfe8 26. Qh7+ Kf8 27. Ne3 d5 28. Nd3 Qe7 29. e5 c4 30. Nf2 d4 31. Ned1 Rec8 32. Qh3 c3 33. bxc3 dxc3 34. Nxc3 bxc3 35. Bxc3 Rb3 36. Rg3 Qc5 37. Bd2 Qd4 38. Rd1 Rcb8 39. Rd3 Qa4 40. Qe3 Kg8 41. Qd4 Qe8 42. Rxb3 Bxb3 43. Rc1 Rd8 44. Qb6 Rb8 45. Qc6 Qd8 46. Qc7 Qxc7 47. Rxc7 Rb6 48. Rc8+ Bf8 49. Be3 Rb5 50. Nd3 Kg7 51. Rc6 Bd5 52. Rb6 Rxb6 53. Bxb6 Kxg6 54. Kf2 Bc4 55. Ke3 Bxd3 56. Kxd3 Kf7 57. Ke3 Ke6 58. Bd8 Bc5+ 59. Kf3 Bd4 60. Bc7 Bc5 61. Kg3 Be3 62. Bd8 Bd4 63. Bf6 Be3 64. Bg5 Bd4 1/2-1/2

[Event "Mittelrhein Verbandsliga-N 18/19"]
[Site "Nordrheinwestfalen"]
[Date "2018.12.16"]
[Round "5.2"]
[White "Thiel, Kuno"]
[Black "Woltering, Franz"]
[Result "0-1"]
[WhiteElo "2088"]
[BlackElo "1980"]
[PlyCount "94"]
[EventDate "2018.09.02"]
[EventType "team-tourn"]
[EventRounds "12"]
[EventCountry "GER"]
[SourceTitle "EXT 2022"]
[Source "ChessBase"]
[SourceDate "2021.10.06"]
[SourceVersion "1"]
[SourceVersionDate "2021.10.06"]
[SourceQuality "1"]
[WhiteTeam "Leverkusen SC Bayer"]
[BlackTeam "Baumberg"]
[WhiteTeamCountry "GER"]
[BlackTeamCountry "GER"]

1. Nf3 Nf6 2. c4 c5 3. g3 g6 4. Bg2 Bg7 5. 0-0 0-0 6. d4 cxd4 7. Nxd4 Nc6 8. Nc3 Nxd4 9. Qxd4 d6 10. Bg5 h6 11. Bxf6 Bxf6 12. Qe3 Bxc3 13. Qxc3 Qc7 14. Rac1 Be6 15. b3 Rfc8 16. Qe3 Kh7 17. h4 h5 18. Be4 a5 19. Qf3 Rab8 20. Qxh5+ Kg7 21. Qg5 Rh8 22. Bf3 Bf5 23. Rfd1 b6 24. Rd5 Bc8 25. Rd3 Bb7 26. e4 Rh6 27. Re1 f6 28. Qd2 Rbh8 29. Qe2 Bc8 30. Red1 Be6 31. Qe3 Kf7 32. Re1 R6h7 33. Qf4 Rg7 34. Bg4 Bxg4 35. Qxg4 g5 36. hxg5 Rxg5 37. Qf3 Rgh5 38. Kf1 Qc5 39. Red1 Qa3 40. R3d2 a4 41. Ke2 Rh2 42. bxa4 Qxa4 43. Qb3 Qc6 44. c5+ Kf8 45. cxd6 Qxe4+ 46. Qe3 Rxf2+ 47. Kxf2 Rh2+ 0-1

[Event "Mittelrhein Verbandsliga-N 18/19"]
[Site "Nordrheinwestfalen"]
[Date "2018.11.18"]
[Round "4.2"]
[White "Woltering, Franz"]
[Black "Happ, Tobias"]
[Result "1/2-1/2"]
[WhiteElo "1980"]
[BlackElo "2025"]
[PlyCount "53"]
[EventDate "2018.09.02"]
[EventType "team-tourn"]
[EventRounds "12"]
[EventCountry "GER"]
[SourceTitle "EXT 2022"]
[Source "ChessBase"]
[SourceDate "2021.10.06"]
[SourceVersion "1"]
[SourceVersionDate "2021.10.06"]
[SourceQuality "1"]
[WhiteTeam "Baumberg"]
[BlackTeam "Hitdorf SV Springer"]
[WhiteTeamCountry "GER"]
[BlackTeamCountry "GER"]

1. d4 Nf6 2. c4 e6 3. Nc3 Bb4 4. Bd2 0-0 5. e3 b6 6. Nf3 Bb7 7. Be2 d6 8. 0-0 Nbd7 9. a3 Bxc3 10. Bxc3 Ne4 11. Rc1 f5 12. Nd2 Nxc3 13. Rxc3 e5 14. Bf3 Bxf3 15. Qxf3 e4 16. Qe2 c5 17. d5 Qe7 18. f4 exf3 19. Nxf3 Rae8 20. Qd3 g6 21. Re1 Ne5 22. Nxe5 Qxe5 23. Rf1 Rf7 24. Rf3 Rfe7 25. h3 Qf6 26. Rc2 Qg5 27. Re2 1/2-1/2

[Event "Mittelrhein Verbandsliga-N 18/19"]
[Site "Nordrheinwestfalen"]
[Date "2018.09.02"]
[Round "1.2"]
[White "Woltering, Franz"]
[Black "Pawlowski, Lukasz"]
[Result "1-0"]
[WhiteElo "1980"]
[BlackElo "1865"]
[PlyCount "115"]
[EventDate "2018.09.02"]
[EventType "team-tourn"]
[EventRounds "12"]
[EventCountry "GER"]
[SourceTitle "EXT 2022"]
[Source "ChessBase"]
[SourceDate "2021.10.06"]
[SourceVersion "1"]
[SourceVersionDate "2021.10.06"]
[SourceQuality "1"]
[WhiteTeam "Baumberg"]
[BlackTeam "Koeln Worringen"]
[WhiteTeamCountry "GER"]
[BlackTeamCountry "GER"]

1. d4 e6 2. c4 f5 3. Nc3 Nf6 4. Nf3 Be7 5. g3 0-0 6. Bg2 Ne4 7. Qc2 Nxc3 8. Qxc3 Bf6 9. Qc2 d6 10. 0-0 Nc6 11. Rd1 Qe7 12. d5 exd5 13. cxd5 Nb4 14. Qc4 a5 15. a3 Na6 16. Ra2 Nc5 17. Be3 b5 18. Qc2 Rb8 19. b4 axb4 20. axb4 Ne4 21. Bd4 Rb7 22. e3 Ng5 23. Nxg5 Bxg5 24. Rda1 Bd7 25. Ra7 Rfb8 26. Rxb7 Rxb7 27. Ra7 Rxa7 28. Bxa7 Be8 29. Bb8 g6 30. Qxc7 Qxc7 31. Bxc7 Be7 32. f3 Kf7 33. Kf2 Bd7 34. Ke2 Ke8 35. Kd3 Bc8 36. e4 fxe4+ 37. fxe4 Bg4 38. Bb6 Bf6 39. Bd4 Be7 40. Kc3 Be2 41. e5 dxe5 42. Bxe5 Bc4 43. d6 Bd8 44. Bh3 Kf7 45. Bd7 Bf1 46. Bd4 Be2 47. Kd2 Bc4 48. Ke3 h6 49. Ke4 g5 50. Kf5 h5 51. Be3 Bd3+ 52. Ke5 Bc4 53. Ke4 h4 54. Ba7 hxg3 55. hxg3 Bf1 56. Kd5 Bf6 57. Bd4 Bd8 58. Kc5 1-0